Eight Nation Alliance - Statistics

General Stats
  • This quiz has been taken 47 times
  • The average score is 8 of 8
Answer Stats
Countries % Correct
France
100%
Germany
100%
United Kingdom
100%
Italy
95%
Japan
95%
Russia
95%
United States
95%
Austria-Hungary
88%
No matching quizzes found
Score Distribution
Percent of People with Each Score
Percentile by Number Answered
Your Score History
You have not taken this quiz